Design & implementation of a DS-CDMA based communication link, employing DSP board for receiver's baseband processing / (Record no. 182839)
[ view plain ]
| 000 -LEADER | |
|---|---|
| fixed length control field | 01016 a2200193 4500 |
| 003 - CONTROL NUMBER IDENTIFIER | |
| control field | NUST |
| 005 - DATE AND TIME OF LATEST TRANSACTION | |
| control field | 20251117170228.0 |
| 040 ## - CATALOGING SOURCE | |
| Transcribing agency | Nust |
| 082 ## - DEWEY DECIMAL CLASSIFICATION NUMBER | |
| Classification number | 621.382,NIS |
| 100 ## - MAIN ENTRY--PERSONAL NAME | |
| Personal name | Nisar , Danish Muhammad NC (TCC-15B) |
| 9 (RLIN) | 131925 |
| 245 ## - TITLE STATEMENT | |
| Title | Design & implementation of a DS-CDMA based communication link, employing DSP board for receiver's baseband processing / |
| Statement of responsibility, etc. | NC Muhammad Danish Nisar , NC Ahsin Shakil and NC Fadil Aleem |
| 260 ## - PUBLICATION, DISTRIBUTION, ETC. | |
| Place of publication, distribution, etc. | Rawalpindi |
| Name of publisher, distributor, etc. | MCS (NUST) |
| Date of publication, distribution, etc. | 2004 |
| 300 ## - PHYSICAL DESCRIPTION | |
| Extent | 166 p.; |
| 505 ## - FORMATTED CONTENTS NOTE | |
| Formatted contents note | Introduction (Page-1), Spread Spectrum Based Multiple Access (PAge-7), Overview of DS-CDMA Standards (Page-30), Section B-System Implementation (Page-46), Transmitter Implementation (Page-85), Receivers Implementation (Page-105), DSP Board Implementation (Page-119), Performance Analysis (Page-143), Conclusion and Future Recommendations (Page-158), References (Page-162). |
| 650 ## - SUBJECT ADDED ENTRY--TOPICAL TERM | |
| Topical term or geographic name entry element | UG Projects |
| 9 (RLIN) | 98716 |
| 651 ## - SUBJECT ADDED ENTRY--GEOGRAPHIC NAME | |
| Geographic name | TCC-15B |
| 9 (RLIN) | 131923 |
| 700 ## - ADDED ENTRY--PERSONAL NAME | |
| Personal name | Supervised by Dr.Noman Jafri |
| 9 (RLIN) | 131926 |
| 942 ## - ADDED ENTRY ELEMENTS (KOHA) | |
| Koha item type | Project Report |
| Source of classification or shelving scheme | |
| Withdrawn status | Lost status | Source of classification or shelving scheme | Damaged status | Not for loan | Permanent Location | Current Location | Shelving location | Date acquired | Full call number | Barcode | Date last seen | Price effective from | Koha item type | Public note |
|---|---|---|---|---|---|---|---|---|---|---|---|---|---|---|
| Military College of Signals (MCS) | Military College of Signals (MCS) | Reference | 12/12/2016 | 621.382,NIS | MCSPTC-85 | 12/08/2016 | 12/12/2016 | Project Report | Almirah No. 94, Shelf No. 2 |
